Normal view
MARC view
Entry Personal Name
001 - CONTROL NUMBER
- control field: 253872
003 - CONTROL NUMBER IDENTIFIER
- control field: OSt
005 - DATE AND TIME OF LATEST TRANSACTION
- control field: 20260206154456.0
008 - FIXED-LENGTH DATA ELEMENTS
- fixed length control field: 260206|| aca||aabn | a|a d
040 ## - CATALOGING SOURCE
- Original cataloging agency: OSt
- Transcribing agency: OSt
100 ## - HEADING--PERSONAL NAME
- Personal name: Hameed, Mohd. Abdul
670 ## - SOURCE DATA FOUND
- Source citation: Work cat.: (OSt)240846: Hameed, Mohd. Abdul., Python for data science /, 2021.